00350 2200145 4500001002100000005001500021035002000036245003400056300002600090260003400116082000800150084001400158020002200172990001000194INLIS00000000000091520240605104308 a0010-0624000027 aWaktu /cNyi Penengah Dewanti a210 hlm :b- ;c19 cm aJakarta Timur :bZettu,c2014 a813 a813 PEN w a978-602-7999-11-4 a3.629